50 best golf courses in America - Statistics

General Stats
  • This quiz has been taken 46 times
  • The average score is 18 of 50
Answer Stats
Rank State Answer % Correct
9 CA Pebble Beach Golf Links
95%
2 GA Augusta National Golf Club
86%
5 PA Oakmont Country Club
76%
32 NC Pinehurst No.2
70%
41 FL TPC Sawgrass: Stadium
70%
1 NJ Pine Valley Golf Club
62%
3 CA Cypress Point Club
59%
38 NY Bethpage State Park: Black
54%
4 NY Shinnecock Hills Golf Club
51%
45 NY Winged Foot Golf Club: East
51%
13 NY Winged Foot Golf Club: West
51%
11 IL Chicago Golf Club
49%
6 PA Merion Golf Club: East
49%
26 WI Whistling straits: Straits Course
49%
18 CA Riviera Country Club
46%
16 CA Los Angeles Country Club: North
43%
21 NY Oak Hill Country Club: East
43%
7 NY National Golf Links of America
41%
20 MI Oakland Hills Country Club: South Course
38%
8 NE Sand Hills Golf Club
38%
44 OR Bandon Dunes
35%
15 MI Crystal Downs Country Club
35%
10 NY Fishers Island Club
35%
30 SC Kiawah Island Golf Resort: The Ocean Course
35%
24 NV Shadow Creek
35%
17 MA The country Club: The Main Course
35%
12 FL Seminole Golf Club
32%
14 NY Friar's Head Golf Club
30%
23 OR Pacific Dunes
30%
33 CA San Francisco Golf Club
30%
28 OK Southern Hills Country Club
30%
49 WI Erin Hills Golf Course
27%
22 GA Peachtree Golf Club
27%
19 OH Muirfield Village Golf Club
24%
25 KS Prairie Dunes Country Club
24%
42 NJ Baltusrol Golf Club: Lower
22%
47 IL Shoreacres
22%
39 NC Old Town Club
19%
34 CO Ballyneal Golf Club
16%
48 OH Camargo Club
16%
50 CO Castle Pines Golf Club
16%
29 TN The Honors Course
16%
43 ID Gozzer Ranch Golf and Lake Club
14%
36 GA Ohoopee Match Club
14%
35 CA The Olympic Club: Lake
14%
27 NC Wade Hampton Golf Club
14%
31 WV Pikewood National Golf Club
11%
37 AR The Alotian Club
11%
46 OH The Golf Club
11%
40 SC Congaree Golf Club
8%
No matching quizzes found
Score Distribution
Percent of People with Each Score
Percentile by Number Answered
Your Score History
You have not taken this quiz